Teaching multiliteracies across the curriculum: changing contexts of text and image in classroom practice
Gorde:
| Egile nagusia: | |
|---|---|
| Formatua: | Liburua |
| Hizkuntza: | ingelesa |
| Argitaratua: |
Londres
Open University
2001
|
| Edizioa: | 1a. ed |
| Gaiak: | |
| Etiketak: |
Etiketa erantsi
Etiketarik gabe, Izan zaitez lehena erregistro honi etiketa jartzen!
|
MARC
| LEADER | 00000nam a2200000 a 4500 | ||
|---|---|---|---|
| 001 | UCK5478 | ||
| 003 | CL-VaPUC | ||
| 008 | 050805e20010000UK |||||||||||||||||eng|d | ||
| 020 | |a 0335206042 | ||
| 082 | 0 | 4 | |a 370.1523 |b UNS |2 21 |
| 100 | 0 | |a Unsworth, Len |e author |9 494249 | |
| 245 | 1 | 0 | |a Teaching multiliteracies across the curriculum: changing contexts of text and image in classroom practice |
| 250 | |a 1a. ed | ||
| 300 | |a 306 p | ||
| 942 | |c BK | ||
| 945 | |d 20050805 00:00:00 |a cmena | ||
| 260 | |a Londres |b Open University |c 2001 | ||
| 650 | 0 | |a Educación lingüística |9 306506 | |
| 650 | 0 | |a Investigación lingüística |9 329785 | |
| 650 | 0 | |a Métodos de enseñanza |9 270413 | |
| 650 | 0 | |a Aprendizaje |9 254827 | |
| 583 | |a last modification |c 20050805 00:00:00 |k Rodrigo Vera | ||
| 999 | |c 313989 |d 313987 | ||
| 952 | |0 0 |1 0 |4 0 |6 370_152300000000000_UNS_2001 |7 0 |8 A |9 385850 |a FDOPOS |b FDOPOS |d 2019-11-22 |i 4151569 |o 370.1523 UNS 2001 |p 4151569 |r 2025-01-22 |w 2019-11-22 |y BK |k MLA | ||